Clinical Obstetric care: handbook (Record no. 7924)
[ view plain ]
| 000 -LEADER | |
|---|---|
| fixed length control field | 00559nam a22002057a 4500 |
| 003 - CONTROL NUMBER IDENTIFIER | |
| control field | OSt |
| 005 - DATE AND TIME OF LATEST TRANSACTION | |
| control field | 20260219020003.0 |
| 008 - FIXED-LENGTH DATA ELEMENTS--GENERAL INFORMATION | |
| fixed length control field | 220802b ||||| |||| 00| 0 eng d |
| 020 ## - INTERNATIONAL STANDARD BOOK NUMBER | |
| International Standard Book Number | 9789913628365 |
| 040 ## - CATALOGING SOURCE | |
| Transcribing agency | NMS |
| 082 ## - DEWEY DECIMAL CLASSIFICATION NUMBER | |
| Classification number | WQ100 C68m 2022 |
| 100 ## - MAIN ENTRY--PERSONAL NAME | |
| Personal name | Mugenyi, Godfrey; Sanchez, A.C.E. |
| 9 (RLIN) | 16104 |
| 245 ## - TITLE STATEMENT | |
| Title | Clinical Obstetric care: handbook |
| 250 ## - EDITION STATEMENT | |
| Edition statement | 1st ed. |
| 260 ## - PUBLICATION, DISTRIBUTION, ETC. (IMPRINT) | |
| Place of publication, distribution, etc. | Kampala; Fountain publishers, 2022 |
| 300 ## - PHYSICAL DESCRIPTION | |
| Extent | xvii,209p: Col.ill: 21cm |
| 504 ## - BIBLIOGRAPHY, ETC. NOTE | |
| Bibliography, etc | Index included |
| 650 ## - SUBJECT ADDED ENTRY--TOPICAL TERM | |
| Topical term or geographic name as entry element | Clinical obstetrics |
| 9 (RLIN) | 16105 |
| 942 ## - ADDED ENTRY ELEMENTS (KOHA) | |
| Source of classification or shelving scheme | Other/Generic Classification Scheme |
| Koha item type | Book Bank |
| Koha issues (borrowed), all copies | 1 |
| Withdrawn status | Lost status | Source of classification or shelving scheme | Damaged status | Not for loan | Home library | Current library | Date acquired | Source of acquisition | Inventory number | Total Checkouts | Full call number | Barcode | Checked out | Date last seen | Date last checked out | Koha item type |
|---|---|---|---|---|---|---|---|---|---|---|---|---|---|---|---|---|
| Other/Generic Classification Scheme | MUST Main Library | MUST Main Library | 02/08/2022 | Purchase | 22/41809 | 3 | WQ100 C68m 2022 | 2022-0727 | 20/12/2023 | 11/12/2023 | 11/12/2023 | Book Bank | ||||
| Other/Generic Classification Scheme | MUST Main Library | MUST Main Library | 02/08/2022 | Purchase | 22/41808 | 1 | WQ100 C68m 2022 | 2022-0728 | 17/10/2022 | 12/08/2022 | Book Bank | |||||
| Other/Generic Classification Scheme | MUST Main Library | MUST Main Library | 02/08/2022 | Purchase | 22/41807 | 3 | WQ100 C68m 2022 | 2022-0729 | 30/04/2026 | 18/02/2026 | 18/02/2026 | Book Bank | ||||
| Other/Generic Classification Scheme | MUST Main Library | MUST Main Library | 02/08/2022 | Purchase | 22/41806 | WQ100 C68m 2022 | 2022-0730 | 02/08/2022 | Short Loan | |||||||
| Other/Generic Classification Scheme | MUST Main Library | MUST Main Library | 02/08/2022 | Purchase | 22/41805 | WQ100 C68m 2022 | 2022-0731 | 02/08/2022 | Short Loan |
